00325nam a2200121Ia 4500008004100000020001800041041001200059100001300071245004500084260004200129300000900171650002300180221030s9999 xx 000 0 und d a9789391787899 aEnglish aN. Kumar 0aConstitutional Law of Indiacby N. Kumar bAllahabad Law AgencyaFaridabadc2021 a1240 aConstitutional Law